000 00679nam a2200205Ia 4500
001 10253
003 GE_BSU
008 181216s||||||||xx |||||||||||||| ||und||
040 _cGE_BSU
080 _a821.353.1–1
100 _aროყვა,შოთა
245 _aშთაგონება:ლექსები
245 _cრედ.ზ.ფირცხალაიშვილი,მხატვ.ჯ.მიქელაძე
260 _aბათუმი
260 _bსაბჭოთა აჭარა
260 _c1977
300 _a201გვ.1ფ.პორტრ.16სმ.
653 _aშთაგონება:ლექსები
942 _cBK
999 _c43522
_d43522